| 000 | 00685nam a22002177a 4500 | ||
|---|---|---|---|
| 005 | 20250213131141.0 | ||
| 008 | 091030s2009 ag||||| ||||z00| 0 spa d | ||
| 020 | _a968-23-0258-7 | ||
| 041 | 0 | _aspa | |
| 082 | 1 | 4 |
_214 _a305.5 |
| 100 | 7 |
_921126 _aVillarreal, Juan |
|
| 245 | 1 | 3 |
_aEl capitalismo dependiente : _bestudio sobre estructura de clase en Argentina / _cJuan Villarreal |
| 260 |
_aMéxico: _bsiglo xxi editores, _c1978 |
||
| 300 | _a166 p. | ||
| 440 |
_9621 _aSociología y política |
||
| 650 | 2 | 7 |
_94155 _aHISTORIA SOCIAL _2unescot |
| 650 | 2 | 7 |
_91811 _aCLASE MEDIA _2unescot |
| 650 | 2 | 7 |
_9788 _aCLASE SOCIAL _2unescot |
| 651 | 2 | 7 |
_9326 _aARGENTINA _2unescot |
| 942 |
_2ddc _cLIBRO |
||
| 999 |
_c10666 _d10666 |
||
| 980 |
_619226 _a Palazón Marcela I. _819226 _g Palazón Marcela I. |
||